| 000 | 00795nas a2200277 4500 | ||
|---|---|---|---|
| 001 | BR0905379 | ||
| 003 | BR-BrBNA | ||
| 005 | 20231205113645.0 | ||
| 007 | ta | ||
| 008 | 230509b bl.|||p| |||| 00| 00por d | ||
| 040 |
_aBR-BrBNA _bpor _cBiblioteca Nacional de Agricultura |
||
| 041 | _a(Pt) | ||
| 072 | _aF30 | ||
| 100 | 1 | _aFrança, A.C. | |
| 100 | 1 | _aSouza, I.F. de | |
| 100 | 1 | _aAlves, L.W.R. | |
| 100 | 1 | _aLima, R.R. de | |
| 100 | 1 | _aOliveira, E.Q. de | |
| 245 | 1 | _aEfeitos de restos culturais de milho no desenvolvimento inicial de cafeeiros | |
| 650 | _aMILHO | ||
| 650 | _aCAFÉ | ||
| 650 | _aALELOPATIA | ||
| 773 | 0 |
_tScientia Agrária (Brazil) _xISSN 1519-1125 _g(2007), v. 8(3) p. 247-255 _wBR0905379 |
|
| 909 |
_a202311 _bLúcia _c55 _dLúcia Elande |
||
| 942 |
_2AGRIS _n0 _cANA |
||
| 999 |
_c204922 _d204922 |
||